000 00438nam a22001577a 4500
003 dpl
005 20231113122415.0
008 231113b |||||||| |||| 00| 0 eng d
022 _a2278-6821
024 _c2420.00
028 _asage publication
245 _aJindal journal of business research
_cAnirban ganguly
_hEnglish
260 _aNew Delhi
_bsage publication
_c2023
300 _avol.12 no.2
_bill
_c24cm.
942 _2ddc
_cSR
_mJIN
_s1
999 _c199057
_d199057